[Event "BI-2014-P-0000"]
[Site "LSS email"]
[Date "2014.04.19"]
[Round "?"]
[White "Dehaybe, Andre"]
[Black "Chatzisotiriou, Petros"]
[Result "1-0"]
[WhiteElo "2188"]
[BlackElo "1176"]
[PlyCount "81"]
[EventDate "2014.04.25"]
[EventType "tourn (corr)"]
[EventRounds "10"]
[EventCountry "GER"]
[SourceTitle "Corr 2022"]
[Source "ChessBase"]
[SourceDate "2021.10.24"]
[SourceVersion "1"]
[SourceVersionDate "2021.10.24"]
[SourceQuality "1"]

1. d4 Nf6 2. c4 g6 3. Nc3 d5 4. Nf3 Bg7 5. Bg5 e6 6. e3 0-0 7. Qb3 b6 8. cxd5 exd5 9. Bxf6 Bxf6 10. Qxd5 c6 11. Qxd8 Rxd8 12. Bc4 Ba6 13. Bxa6 Nxa6 14. Ke2 Nb4 15. Rhd1 Rac8 16. a3 Nd5 17. Nxd5 cxd5 18. Rac1 Kf8 19. Ne5 Bxe5 20. dxe5 Rc5 21. b4 Rxc1 22. Rxc1 Rd7 23. Kd3 Ke7 24. Kd4 f6 25. Rc6 fxe5+ 26. Kxe5 Rb7 27. Kxd5 Rd7+ 28. Ke5 Rd2 29. Rc7+ Kd8 30. Rxa7 Rxf2 31. Rxh7 Rxg2 32. Kd6 Ke8 33. Kc6 Re2 34. Kxb6 Rxe3 35. a4 Re6+ 36. Ka5 Re5+ 37. b5 g5 38. Ka6 Re6+ 39. b6 Kd8 40. a5 Kc8 41. Ka7 1-0